Tilastot visalle Kuuluisat viikset - Kuvavisa

Klikkaa tästä pelataksesi tätä visaa!

Yleistilastot

  • Tätä visaa on pelattu 110 kertaa
  • Keskiarvotulos 8 / 15

Vastaustilastot

Vastaus% Oikein
Adolf Hitler
96%
Albert Einstein
95%
Joseph Stalin
86%
K. J. Ståhlberg
81%
Dr. Phil
70%
Theodore Roosevelt
59%
Fidel Castro
58%
Salvador Dali
56%
Borat Sagdiyev /
Sacha Baron Cohen
51%
Hulk Hogan
47%
M. A. Numminen
33%
Tom Selleck
24%
Groucho Marx
19%
Burt Reynolds
14%
John Waters
9%

Tulosjakauma

Persentiili vastausten määrän mukaan

Jokaisen tuloksen saaneiden osuus

Tuloshistoriasi

Et ole pelannut tätä visaa